| 000 | 00634nam a2200217 i 4500 | ||
|---|---|---|---|
| 001 | 27308 | ||
| 003 | ES-MaACL | ||
| 005 | 20240605062959.0 | ||
| 007 | t| | ||
| 008 | 030114s1986 sp ||||1| spa d | ||
| 020 | _a84-309-1280-0 | ||
| 100 | 1 |
_aAranguren, José Luis L., _d1909-1996 _922315 |
|
| 245 | 1 | 3 |
_aLa comunicación humana / _cJosé Luis L. Aranguren. |
| 260 |
_aMadrid : _bTecnos, _c[1986] |
||
| 300 |
_a249 p. : _bil. ; _c18 cm. |
||
| 490 | 1 | _aColección Ventana abierta | |
| 500 | _aIndice. | ||
| 830 | 0 |
_aVentana abierta _9179022 |
|
| 852 |
_aES-MaACL _jL-10938 _bR.112824 |
||
| 999 |
_c27308 _d27308 |
||